000 00341nam a2200109Ia 4500
008 160531s9999 xx 000 0 und d
100 _aMaczulak, Anne.
245 _aEncyclopedia of Microbiology
245 _cBy:Anne Maczulak, Robert H. Ruskin
260 _c2011
856 _uhttp://file.ebook777.com/014/Encyclopedia%20of%20Microbiology.pdf
999 _c295513
_d295513